| 000 | 00798nam a2200265Ia 4500 | ||
|---|---|---|---|
| 003 | OSt | ||
| 005 | 20220928125559.0 | ||
| 006 | a|||||r|||| 00| 0 | ||
| 007 | ta | ||
| 008 | 220927b |||||||| |||| 00| 0 eng d | ||
| 024 | _a87504 | ||
| 037 | _cTextual | ||
| 040 |
_aSDCL _cSDCL _beng |
||
| 041 |
_2eng _aeng |
||
| 082 | _aX:(G:55), P6 | ||
| 100 |
_aCarruthers John I Ed. _9470418 |
||
| 245 | 0 |
_aEnvironmental valuation _bInterregional and intraregional perspectives |
|
| 260 |
_aEngland _bAshgate _c2006 |
||
| 300 |
_axviii,305p _ccm. |
||
| 490 | _aUrban planning and environment | ||
| 650 |
_aEnvironment Economics _9404299 |
||
| 700 |
_a Mundy Bill Ed. _9470419 |
||
| 942 |
_hX:(G:55), P6 _cTEXL _2CC |
||
| 999 |
_c783135 _d783135 |
||